000 00374nam a2200145Ia 4500
008 231129s2004||||xx |||||||||||||| ||spa||
020 _a84-666-1984-4
040 _bspa
082 _a923.2 H675s
100 _aSteinert Marlis
245 0 _aHitler y el universo hitleriano
260 _c2004
264 _aVergara
942 _2ddc
_cBKS
999 _c15407
_d15407